| 000 | 00655 a2200157 4500 | ||
|---|---|---|---|
| 003 | Nust | ||
| 005 | 20170207154206.0 | ||
| 040 | _cNust | ||
| 082 | _a621.382 | ||
| 100 | _aLen Buckwalter | ||
| 245 |
_aElectronics Experiments & Projects _cLen Buckwalter |
||
| 260 |
_aAmerica _bHoward W.Same _c1962 |
||
| 300 | _a127p; | ||
| 505 | _aExperimenting on a Breadboard (Page-7) How Basic Electronic Parts Work (Page-13) Electronics Sending and Receiving (Page-51) Detection, Control and Alarm (Page-81) Man-Made Lightning (Page-95) Electroplating (Page-103) Weather- Indicating Devices (Page-109) Build A Computer (Page-121) | ||
| 538 | _aAlmirah No.130 Shelf No.5 | ||
| 942 |
_2ddc _cBK |
||
| 999 |
_c194864 _d194864 |
||